| 000 | 02602nam0a2200445 4500 | ||
|---|---|---|---|
| 001 | RU\NLR\bibl\1858073 | ||
| 005 | 20260409072054.0 | ||
| 010 |
_a978-5-7782-1784-3 _9500 |
||
| 021 |
_aRU _b2011-103021 _97368 |
||
| 035 | _a(NLR Aleph) 001847991 | ||
| 035 | _a(nilc)RSL-KNO-005369055 | ||
| 090 |
_a2362676 _c2362676 |
||
| 100 | _a20120110d2011 u y0rusy50 ca | ||
| 101 | 0 | _arus | |
| 102 | _aRU | ||
| 105 | _aa ||||||||| | ||
| 200 | 1 |
_aСистема ценностей современного общества _eсборник материалов XX Международной научно-практической конференции, Новосибирск, 18 ноября 2011 г. _fпод общ. ред. С.С. Чернова |
|
| 210 |
_aНовосибирск _cЦентр развития научного сотрудничества _cИзд-во НГТУ _d2011 |
||
| 215 |
_a340 с. _cил., табл. _d21 |
||
| 300 | _aВ вып. дан. загл.: Сборник материалов XX Международной научно-практической конференции "Система ценностей современного общества" | ||
| 300 | _aВ надзаг.: Центр развития науч. сотрудничества | ||
| 320 | _aБиблиогр. в конце докл. | ||
| 517 | 0 | _aСборник материалов XX Международной научно-практической конференции "Система ценностей современного общества" | |
| 606 | 1 |
_aОбщественные науки _jСъезды, совещания и т.п. _91112139 _3RU\NLR\auth\66119728 |
|
| 606 |
_aЦенности (социол.) _jСъезды, совещания и т.п. _3RU\NLR\auth\66841699 _91856549 |
||
| 686 |
_aС.я431(0) _2rubbk |
||
| 686 | _aС.я431 | ||
| 686 | _aЮ217.7я431 | ||
| 686 | _aС550.25я431 | ||
| 702 | 1 |
_4340 _8rus _7ca _aЧернов _bС. С. _cканд. экон. наук _f1979- _gСергей Сергеевич _3RU\NLR\AUTH\7768307 _951235 |
|
| 711 | 1 | 2 |
_a"Система ценностей современного общества", международная научно-практическая конференция _d20 _f2011 _eНовосибирск _3RU\NLR\AUTH\8810206852 _9301135 |
| 801 | 0 |
_aRU _bRuMoRKP _c20120110 _grcr |
|
| 801 | 1 |
_aRU _bРГБ _c20120110 |
|
| 801 | 2 |
_aRU _bNLR _c20120118 _grcr |
|
| 942 | _cBOOK | ||
| 980 | _aNB | ||
| 980 | _aNBR | ||